Mark Stannard (t/a Wyvern Tyres) v Robert Raymond Harvey Gore (Record no. 84363)

MARC details
000 -LEADER
fixed length control field 01052cad a22002055a 4500
001 - CONTROL NUMBER
control field L157377
008 - FIXED-LENGTH DATA ELEMENTS--GENERAL INFORMATION
fixed length control field 121119e2012 xxk 000 0 eng d
035 ## - SYSTEM CONTROL NUMBER
System control number (Sirsi) u157377
041 0# - LANGUAGE CODE
Language code of text/sound track or separate title eng
245 00 - TITLE STATEMENT
Title Mark Stannard (t/a Wyvern Tyres) v Robert Raymond Harvey Gore
Medium [electronic resource]
260 ## - PUBLICATION, DISTRIBUTION, ETC.
Date of publication, distribution, etc. 2012
520 ## - SUMMARY, ETC.
Summary, etc. [2012] EWCA Civ 1248, 4 October 2012. Considers whether a landowner could be held responsible for fire damage to adjoining property when the fire originated on his land but he wasn't negligent. The court decided that appellant S was liable under the Rylands v Fletcher rule because the fire had spread to respondent G's property. "Held": CA found that Rylands did not reply and overturned the decision in favour of S.
590 ## - LOCAL NOTE (RLIN)
Local note KA
650 24 - SUBJECT ADDED ENTRY--TOPICAL TERM
Topical term or geographic name entry element STANNARD (t/a WYVERN TYRES) V GORE
650 24 - SUBJECT ADDED ENTRY--TOPICAL TERM
Topical term or geographic name entry element RYLANDS V FLETCHER
651 #4 - SUBJECT ADDED ENTRY--GEOGRAPHIC NAME
Geographic name England and Wales
Chronological subdivision 1543-
690 ## - LOCAL SUBJECT ADDED ENTRY--TOPICAL TERM (OCLC, RLIN)
Topical term or geographic name as entry element Commercial property
9 (RLIN) 6227
856 40 - ELECTRONIC LOCATION AND ACCESS
Uniform Resource Identifier <a href="https://www.bailii.org/ew/cases/EWCA/Civ/2012/1248.html">https://www.bailii.org/ew/cases/EWCA/Civ/2012/1248.html</a>
Public note View the decision at www.bailii.org
942 ## - ADDED ENTRY ELEMENTS (KOHA)
Suppress in OPAC 0
Holdings
Withdrawn status Lost status Source of classification or shelving scheme Damaged status Not for loan Home library Current library Shelving location Date acquired Total Checkouts Full call number Barcode Date last seen Copy number Price effective from Koha item type
    Dewey Decimal Classification     Virtual Virtual Online 19/11/2012   ONLINE PUBLICATION 157377-2001 06/08/2019 1 06/08/2019 Law report